000 00471nam a2200157 a 4500
001 000047025
005 20201002053309.0
008 180411s2008 dr 000 spa d
020 _a9789945442656
040 _aDO-SdBNP
_bspa
_cBNPHU
100 1 _aCuello, Antonio
_920610
245 0 _aColección de pensamientos :. :
_bsobre la amistad... /
_cAntonio Cuello.
260 _aSanto Domingo :
_bTaller,
_c2008.
300 _a116 p. ;
_c22 cm.
590 _aInventariado,2018/DG
999 _c46513
_d46513